000
002770000a22001330004500
003
MACL
040
_a
MACL
090
_c
34261
_d
34259
100
_a
Wibberley, Mary
245
_a
Witchwood
260
_b
Mills & Boon Limited
_c
1978
650
_a
Fiction
942
_c
BOOK
_k
823/WIB
999
_c
33899
_d
33899